| 000 | 00826nam a2200253Ia 4500 | ||
|---|---|---|---|
| 003 | OSt | ||
| 005 | 20220918170358.0 | ||
| 006 | a|||||r|||| 00| 0 | ||
| 007 | ta | ||
| 008 | 220917b |||||||| |||| 00| 0 eng d | ||
| 020 |
_a9780199460489 (hbk) _cINR 2295.00 |
||
| 024 | _a354,694 | ||
| 037 |
_b60, 17/12/2021, Classic Book Service _cTextual |
||
| 040 |
_aARTS _cARTS _beng |
||
| 041 |
_2eng _aeng |
||
| 082 | _aV2,8, R1 | ||
| 100 |
_aMitra Subrata K. Au. _928669 |
||
| 245 | 0 |
_aGovernance by stealth _b th ministry of home affairs and making of the Indian state |
|
| 260 |
_aDelhi _bOxford University Press India _c2021 |
||
| 300 |
_axxxiv,476p. _ccm. |
||
| 650 | _aINDIA - HISTORY | ||
| 942 |
_hV2,8, R1 _cTEXL _2CC |
||
| 999 |
_c133881 _d133881 |
||